|
|
|
|
| LEADER |
00798nam a22002657a 4500 |
| 001 |
30390 |
| 003 |
BD-DhAAL |
| 005 |
20151109122944.0 |
| 008 |
150906s1997 bg a|||| |||| 00| 0 eng d |
| 040 |
|
|
|a BD-DhAAL
|c BD-DhAAL
|
| 082 |
|
|
|2 22
|a 307.1412095492
|
| 999 |
|
|
|c 36077
|d 36077
|
| 999 |
|
|
|c 36072
|
| 999 |
|
|
|c 36027
|
| 999 |
|
|
|c 35433
|
| 245 |
|
|
|a BRAC 1996
|
| 260 |
|
|
|a Dhaka :
|b BRAC,
|c 1997
|
| 300 |
|
|
|a 54 p. :
|b ill. ;
|c 28 cm.
|
| 541 |
|
|
|e 30390
|
| 610 |
|
|
|a BRAC
|9 14405
|
| 650 |
|
|
|a Rural Development
|z Bangladesh
|9 14406
|
| 710 |
|
|
|a BRAC
|9 14405
|
| 852 |
|
|
|a Ayesha Abed Library
|c BRAC Resource Section
|
| 942 |
|
|
|2 ddc
|c BK
|
| 952 |
|
|
|0 0
|1 0
|2 ddc
|4 0
|6 307_141209549200000_BRA
|7 0
|9 56691
|a BRACUL
|b BRACUL
|c BRS
|d 2015-11-09
|e BRAC
|l 0
|o 307.1412095492 BRA
|p 3010030390
|r 2015-11-09
|t 1
|w 2015-11-09
|y BK
|